Geography - K - Statistics

General Stats
  • This quiz has been taken 35 times
  • The average score is 5 of 15
Answer Stats
Hint Answer % Correct
Its capital is Nairobi. Kenya
100%
The former capital of the Japanese imperial court. Kyōto
94%
Where the geographic center of the contiguous United States is. Kansas
80%
7th largest city in India (city proper). Kōlkātā
49%
Ireland's westernmost county; located in the province of Munster. Kerry
31%
The site of a major battle at the onset of Russia's full-scale invasion of Ukraine. Kharkiv
31%
A state in southern India; its capital is Thiruvananthapuram. Kerala
29%
Russian oblast targeted in Ukraine's 2024 counter-offensive. Kursk
17%
The Indonesian portion of Borneo. Kalimantan
14%
Chinese city which served as the capital of the Han and Tang dynasties. Kāifēng
9%
A language family based in the Caucasus region, particularly Georgia. Kartvelian
9%
Turkish city known in antiquity as Caesarea. Kayseri
9%
Ethnolinguistic group in southern Myanmar. Karen
6%
Northwestern Malaysian province which borders Thailand. Kedah
0%
Namibia's northwesternmost region; its capital is Opuwo. Kunene
0%
No matching quizzes found
Score Distribution
Percent of People with Each Score
Percentile by Number Answered
Your Score History
You have not taken this quiz